Properties of Ga-containing pentasils in aromatization of lower alkanes after repeated reaction-regeneration cycles; Russian Journal of Applied Chemistry; Vol. 68, iss. 5
| Parent link: | Russian Journal of Applied Chemistry.— , 1928- Vol. 68, iss. 5.— 1995.— Р. 692-694 |
|---|---|
| প্রধান লেখক: | |
| অন্যান্য লেখক: | , |
| সংক্ষিপ্ত: | Variation of catalytic and acidic properties of gallium-containing zeolite catalysts in aromatization of Lower alkanes after several reaction-regeneration cycles has been examined. The catalytic activity only slightly decreases from cycle to cycle, and a relatively large number of oxidative regenerations can be performed. В фонде НТБ ТПУ отсутствует |
| ভাষা: | ইংরেজি |
| প্রকাশিত: |
1995
|
| বিষয়গুলি: | |
| বিন্যাস: | গ্রন্থের অধ্যায় |
| KOHA link: | https://koha.lib.tpu.ru/cgi-bin/koha/opac-detail.pl?biblionumber=602477 |
MARC
| LEADER | 00000naa0a2200000 4500 | ||
|---|---|---|---|
| 001 | 602477 | ||
| 005 | 20250303115655.0 | ||
| 035 | |a (RuTPU)RU\TPU\tpu\28333 | ||
| 035 | |a RU\TPU\tpu\28332 | ||
| 090 | |a 602477 | ||
| 100 | |a 20160420d1995 k||y0rusy50 ba | ||
| 101 | 0 | |a eng | |
| 102 | |a RU | ||
| 200 | 1 | |a Properties of Ga-containing pentasils in aromatization of lower alkanes after repeated reaction-regeneration cycles |f A. V. Vosmerikov, Ya. E. Barbashin, V. I. Erofeev | |
| 330 | |a Variation of catalytic and acidic properties of gallium-containing zeolite catalysts in aromatization of Lower alkanes after several reaction-regeneration cycles has been examined. The catalytic activity only slightly decreases from cycle to cycle, and a relatively large number of oxidative regenerations can be performed. | ||
| 333 | |a В фонде НТБ ТПУ отсутствует | ||
| 461 | |t Russian Journal of Applied Chemistry |d 1928- | ||
| 463 | |t Vol. 68, iss. 5 |v Р. 692-694 |d 1995 | ||
| 610 | 1 | |a труды учёных ТПУ | |
| 700 | 1 | |a Vosmerikov |b A. V. | |
| 701 | 1 | |a Barbashin |b Ya. E. | |
| 701 | 1 | |a Erofeev |b V. I. |c specialist in the field of oil and gas business |c Professor of Tomsk Polytechnic University, Doctor of technical sciences |f 1946- |g Vladimir Ivanovich |3 (RuTPU)RU\TPU\pers\32197 |9 16197 | |
| 801 | 1 | |a RU |b 63413507 |c 20130226 | |
| 801 | 2 | |a RU |b 63413507 |c 20160420 |g RCR | |
| 942 | |c CR | ||